<?xml version="1.0" encoding="UTF-8"?><?xml-stylesheet type="text/xsl" href="static/style.xsl"?><OAI-PMH xmlns="http://www.openarchives.org/OAI/2.0/" xmlns:xsi="http://www.w3.org/2001/XMLSchema-instance" xsi:schemaLocation="http://www.openarchives.org/OAI/2.0/ http://www.openarchives.org/OAI/2.0/OAI-PMH.xsd"><responseDate>2026-04-18T16:39:25Z</responseDate><request verb="GetRecord" identifier="oai:recam.amb.cat:20.500.14439/4665" metadataPrefix="marc">https://recam.amb.cat/rest/oai/request</request><GetRecord><record><header><identifier>oai:recam.amb.cat:20.500.14439/4665</identifier><datestamp>2026-04-17T08:56:15Z</datestamp><setSpec>com_20.500.14439_1</setSpec><setSpec>col_20.500.14439_1041</setSpec></header><metadata><record xmlns="http://www.loc.gov/MARC21/slim" xmlns:dcterms="http://purl.org/dc/terms/" xmlns:xsi="http://www.w3.org/2001/XMLSchema-instance" xmlns:doc="http://www.lyncode.com/xoai" xsi:schemaLocation="http://www.loc.gov/MARC21/slim http://www.loc.gov/standards/marcxml/schema/MARC21slim.xsd">
   <leader>00925njm 22002777a 4500</leader>
   <datafield ind2=" " ind1=" " tag="042">
      <subfield code="a">dc</subfield>
   </datafield>
   <datafield ind2=" " ind1=" " tag="720">
      <subfield code="a">Pérez Sans, Núria</subfield>
      <subfield code="e">author</subfield>
   </datafield>
   <datafield ind2=" " ind1=" " tag="720">
      <subfield code="a">Checa Rius, Joan</subfield>
      <subfield code="e">author</subfield>
   </datafield>
   <datafield ind2=" " ind1=" " tag="720">
      <subfield code="a">Bach Coma, Xavi</subfield>
      <subfield code="e">author</subfield>
   </datafield>
   <datafield ind2=" " ind1=" " tag="720">
      <subfield code="a">Alemany Sagalà, Aïda</subfield>
      <subfield code="e">author</subfield>
   </datafield>
   <datafield ind2=" " ind1=" " tag="260">
      <subfield code="c">2024-05-01</subfield>
   </datafield>
   <datafield ind1="8" ind2=" " tag="024">
      <subfield code="a">Pérez Sans, Núria; Checa Rius, Joan; Bach Coma, Xavi; i Alemany Sagalà, Aïda. (2024). Una mirada de gènere en les polítiques de mobilitat de l’AMB. Indicadors metropolitans de mobilitat amb perspectiva de gènere. Una aproximació a partir d’infografies. Institut Metròpoli, Bellaterra. https://www.institutmetropoli.cat/ca/estudi/una-mirada-de-genere-en-les-politiques-de-mobilitat-de-lamb-indicadors-metropolitans-de-mobilitat-amb-perspectiva-de-genere-una-aproximacio-a-partir-dinfografies/</subfield>
   </datafield>
   <datafield ind1="8" ind2=" " tag="024">
      <subfield code="a">https://hdl.handle.net/20.500.14439/4665</subfield>
   </datafield>
   <datafield tag="653" ind2=" " ind1=" ">
      <subfield code="a">Gènere</subfield>
   </datafield>
   <datafield tag="653" ind2=" " ind1=" ">
      <subfield code="a">Mobilitat</subfield>
   </datafield>
   <datafield ind2="0" ind1="0" tag="245">
      <subfield code="a">Una mirada de gènere en les polítiques de mobilitat de l'AMB : indicadors metropolitans de mobilitat amb perspectiva de gènere. Una aproximació a partir d'infografies.</subfield>
   </datafield>
</record></metadata></record></GetRecord></OAI-PMH>